Benchmarking

Guardat en:
Dades bibliogràfiques
Autor principal: Spendolini, Michael J (Autor)
Format: Llibre
Idioma:espanyol
Publicat: Bogotá Norma 1994
Matèries:
Etiquetes: Afegir etiqueta
Sense etiquetes, Sigues el primer a etiquetar aquest registre!

MARC

LEADER 00000nam a2200000 a 4500
001 UCY2963
003 CL-VaPUC
008 941205e19940000CK |||||||||||||||||spa|d
082 0 4 |a 658.47  |b SPE  |2 21 
100 0 |a Spendolini, Michael J  |e author  |9 331138 
245 1 0 |a Benchmarking 
300 |a 248 p 
942 |c BK 
945 |d 19941205 00:00:00  |a mfernand 
260 |a Bogotá  |b Norma  |c 1994 
650 0 |a Competitividad   |9 308495 
650 7 |a INNOVACIONES TECNOLOGICAS  |2 CL-VaPUC  |9 331139 
650 7 |a ESPIONAJE INDUSTRIAL  |2 CL-VaPUC  |9 329486 
650 0 |a Planificación estratégica   |9 259735 
583 |a last modification  |c 20160928 09:30:28  |k Rodrigo Vera 
999 |c 231219  |d 231217 
952 |0 0  |1 0  |4 0  |6 658_470000000000000_SPE_1994  |7 0  |8 A  |9 234211  |a BIBENE  |b BIBENE  |d 2019-11-15  |i 3041522  |o 658.47 SPE 1994  |p 3041522  |r 2025-01-15  |w 2019-11-15  |y BK  |k ICO 
952 |0 0  |1 0  |4 0  |6 658_470000000000000_SPE_1994  |7 0  |8 A  |9 234212  |a BIBING  |b BIBING  |d 2019-11-15  |i 3077403  |o 658.47 SPE 1994  |p 3077403  |r 2025-01-20  |w 2019-11-15  |y BK  |k EII 
952 |0 0  |1 0  |4 0  |6 658_470000000000000_SPE_1994  |7 0  |8 A  |9 234213  |a BIBGIM  |b BIBGIM  |d 2019-11-15  |i 3079538  |o 658.47 SPE 1994  |p 3079538  |r 2025-01-15  |w 2019-11-15  |y BK  |k COM 
952 |0 0  |1 0  |4 0  |6 658_470000000000000_SPE_1994  |7 0  |8 A  |9 234214  |a BIBMEC  |b BIBMEC  |d 2019-11-15  |i 3115496  |o 658.47 SPE 1994  |p 3115496  |r 2024-01-19  |w 2019-11-15  |y BK  |k MEC